000 00268nam a2200121 a 4500
008 100917s1977|||| d
245 1 0 _aDiplomati
100 1 _aDangulov, Savva
260 _bObzor
_aBratislava
_c1977
020 _c24
044 _axo
_cSK
041 _aslo
999 _c10467
_d10467